| 000 | 00629nam a22001937a 4500 | ||
|---|---|---|---|
| 003 | DO-SdBJH | ||
| 005 | 20241107133304.0 | ||
| 008 | 241107b |||||||| |||| 00| 0 spa d | ||
| 020 | _a978-84-948309-2-1 | ||
| 040 |
_aDO-SdBJH _bspa _cDO-SdBJH |
||
| 082 |
_aES355 _bG216 |
||
| 100 | _aGarcia Rodriguez, Jose | ||
| 245 |
_aEl Poder Aereo _bHistoria y Doctrinas Militares(1903-2017) _cJose Garcia Rodriguez |
||
| 260 |
_aEspaña _bTierra de nadie _cMayo 2018 |
||
| 300 | _a376 paginas | ||
| 504 | _aIncluye índice , introducción y propósito, Bibliografía y biografía del autor | ||
| 650 | _aCiencia Militar | ||
| 942 |
_2ddc _cBK |
||
| 999 |
_c7978 _d7978 |
||